[Event "4.Int Ch of Vojvodina"]
[Site "Novi Sad"]
[Date "2013.07.01"]
[Round "6.64"]
[White "Omorjan, Dejan"]
[Black "Ratic, Zoran"]
[Result "1-0"]
[WhiteElo "1603"]
[BlackElo "1922"]
[PlyCount "77"]
[EventDate "2013.06.28"]
[SourceDate "2013.06.30"]

1. d4 Nf6 2. c4 c5 3. d5 d6 4. Nc3 Na6 5. e4 Qa5 6. Bd2 Bd7 7. Nf3 g6 8. Be2
Bg7 9. O-O O-O 10. Re1 Qb6 11. Rb1 Qc7 12. h3 Qc8 13. Bf1 Nc7 14. e5 dxe5 15.
Nxe5 Bf5 16. Rc1 Nd7 17. Nxd7 Bxd7 18. Rxe7 Ne8 19. Bf4 Nf6 20. Qd2 Rd8 21.
Rce1 Bf8 22. R7e2 Bg7 23. Bh6 a6 24. Bxg7 Kxg7 25. Ne4 Nxe4 26. Rxe4 b5 27.
Qc3+ Kg8 28. Re7 Rf8 29. Qf6 bxc4 30. Bxc4 Bb5 31. Bxb5 axb5 32. h4 Rxa2 33. h5
Qf5 34. Qc6 Rxb2 35. Qxc5 Qxh5 36. Re8 Qh6 37. Qc6 Qd2 38. Qf6 Qb4 39. Rxf8+
1-0

[Event "4.Int Ch of Vojvodina"]
[Site "Novi Sad"]
[Date "2013.07.02"]
[Round "7.2"]
[White "Petkovic, Radosav"]
[Black "Nestorovic, Dejan"]
[Result "0-1"]
[WhiteElo "2273"]
[BlackElo "2428"]
[PlyCount "72"]
[EventDate "2013.06.28"]
[SourceDate "2013.06.30"]

1. e4 c5 2. Nf3 e6 3. d4 cxd4 4. Nxd4 Nc6 5. Nb5 d6 6. c4 a6 7. Nd4 Nf6 8. Nc3
Be7 9. Be2 O-O 10. O-O Qc7 11. Be3 Ne5 12. Rc1 b6 13. f4 Rd8 14. fxe5 dxe5 15.
Nd5 exd5 16. cxd5 Bc5 17. Nc2 Nxe4 18. Bf3 Nd6 19. b4 Bxe3+ 20. Nxe3 Qe7 21.
Qb3 Bb7 22. a4 Rac8 23. Nc4 e4 24. Nxd6 Rxc1 25. Rxc1 Rxd6 26. Be2 Rxd5 27.
Qxd5 Bxd5 28. Rc8+ Qf8 29. Rxf8+ Kxf8 30. Bxa6 f5 31. a5 bxa5 32. bxa5 Ke7 33.
g3 g5 34. Bc8 f4 35. gxf4 gxf4 36. Kf2 Kd6 0-1

[Event "4.Int Ch of Vojvodina"]
[Site "Novi Sad"]
[Date "2013.07.02"]
[Round "7.3"]
[White "Cabarkapa, Novak"]
[Black "Pucarevic, Milenko"]
[Result "1-0"]
[WhiteElo "2341"]
[BlackElo "2221"]
[PlyCount "69"]
[EventDate "2013.06.28"]
[SourceDate "2013.06.30"]

1. e4 e6 2. d4 d5 3. Nc3 Bb4 4. e5 Qd7 5. a3 Bxc3+ 6. bxc3 b6 7. a4 a5 8. Bb5
Nc6 9. Qg4 g6 10. h4 Bb7 11. h5 O-O-O 12. Bg5 Rf8 13. Nf3 Kb8 14. Kd2 Qc8 15.
Bxc6 Bxc6 16. Bf6 Nxf6 17. exf6 gxh5 18. Qxh5 Qe8 19. Ne5 Bxa4 20. Rhb1 Bc6 21.
Rxa5 Bb7 22. Raa1 Rhg8 23. g3 Rg6 24. Nxg6 hxg6 25. Qe5 Kc8 26. Rh1 Rh8 27. g4
Qg8 28. Rh2 Rxh2 29. Qxh2 Qd8 30. g5 Bc6 31. Qh7 Kb7 32. Qxf7 Qd6 33. Ke3 e5
34. Qg8 exd4+ 35. cxd4 1-0

[Event "4.Int Ch of Vojvodina"]
[Site "Novi Sad"]
[Date "2013.07.02"]
[Round "7.4"]
[White "Rogac, Srdjan"]
[Black "Andrijevic, Milan"]
[Result "1/2-1/2"]
[WhiteElo "2322"]
[BlackElo "2322"]
[PlyCount "91"]
[EventDate "2013.06.28"]
[SourceDate "2013.06.30"]

1. e4 c5 2. c3 d5 3. exd5 Qxd5 4. d4 e6 5. Nf3 Nc6 6. Na3 Qd8 7. Nc2 Nf6 8. Be2
Be7 9. O-O O-O 10. dxc5 Qxd1 11. Rxd1 Bxc5 12. Be3 Be7 13. Ncd4 Nxd4 14. Bxd4
Nd5 15. Bc4 Bd7 16. Bxd5 exd5 17. Re1 Be6 18. Ne5 Rfc8 19. Nd3 Bd6 20. Rad1 a5
21. a3 Rc4 22. Be5 Bxe5 23. Nxe5 Rc5 24. Rd4 Rac8 25. h3 Kf8 26. g4 b5 27. f4
g6 28. Kf2 R8c7 29. Re3 Rb7 30. Ke1 Rb6 31. Kd2 f6 32. Nd3 Rc4 33. b3 Rc7 34.
b4 axb4 35. axb4 Ra6 36. Nc5 Ra2+ 37. Ke1 Bf7 38. Re2 Ra1+ 39. Kf2 Re7 40. Rxe7
Kxe7 41. Rd3 Rb1 42. g5 f5 43. Rd2 Rc1 44. Rd3 Rb1 45. Rd2 Rc1 46. Rd3 1/2-1/2

[Event "4.Int Ch of Vojvodina"]
[Site "Novi Sad"]
[Date "2013.07.02"]
[Round "7.5"]
[White "Drazic, Sinisa"]
[Black "Cabarkapa, Spasoje"]
[Result "1-0"]
[WhiteElo "2463"]
[BlackElo "2240"]
[PlyCount "78"]
[EventDate "2013.06.28"]
[SourceDate "2013.06.30"]

1. d4 Nf6 2. c4 a6 3. Nc3 c5 4. d5 b5 5. f3 bxc4 6. e4 d6 7. Bxc4 g6 8. Bg5 Bg7
9. Qd2 Nbd7 10. Nge2 Rb8 11. a3 Ne5 12. b3 Nxc4 13. bxc4 h6 14. Be3 Nd7 15. O-O
Ne5 16. Qa2 O-O 17. h3 f5 18. f4 Nf7 19. Rab1 Rxb1 20. Rxb1 fxe4 21. Nxe4 e6
22. Qd2 e5 23. fxe5 Nxe5 24. Bxh6 Nxc4 25. Qc1 Ne5 26. N2g3 Nf7 27. Bxg7 Kxg7
28. Qc3+ Kh6 29. Rf1 Ne5 30. Rxf8 Qxf8 31. Nxc5 Qf4 32. Ne6 Qc4 33. Qd2+ Kh7
34. Ne4 Bxe6 35. Ng5+ Kg8 36. Nxe6 Nf7 37. Qb2 Ne5 38. Qb8+ Kh7 39. Qb7+ Kh6
1-0

[Event "4.Int Ch of Vojvodina"]
[Site "Novi Sad"]
[Date "2013.07.02"]
[Round "7.6"]
[White "Saric, Sinisa"]
[Black "Stikovic, Dobrica"]
[Result "1-0"]
[WhiteElo "2412"]
[BlackElo "2228"]
[PlyCount "55"]
[EventDate "2013.06.28"]
[SourceDate "2013.06.30"]

1. d4 e6 2. c4 d5 3. Nc3 Be7 4. Nf3 Nf6 5. cxd5 exd5 6. Bg5 O-O 7. Qc2 Nbd7 8.
e3 Re8 9. Bd3 Nf8 10. O-O c6 11. Ne5 N6d7 12. Bf4 Nxe5 13. dxe5 Ng6 14. Bg3 Bh4
15. Bxh4 Qxh4 16. f4 Qe7 17. Kh1 Nf8 18. Qf2 Rd8 19. Rad1 b6 20. Qg3 Re8 21.
Rd2 a5 22. Bc2 Ba6 23. Rfd1 Rad8 24. e4 d4 25. Rxd4 Rxd4 26. Rxd4 Rd8 27. f5
Kh8 28. Rd6 1-0

[Event "4.Int Ch of Vojvodina"]
[Site "Novi Sad"]
[Date "2013.07.02"]
[Round "7.7"]
[White "Kokeza, Mirko"]
[Black "Dostan, Janos"]
[Result "1/2-1/2"]
[WhiteElo "2315"]
[BlackElo "2188"]
[PlyCount "106"]
[EventDate "2013.06.28"]
[SourceDate "2013.06.30"]

1. d4 d6 2. c4 Nf6 3. Nc3 g6 4. e4 Bg7 5. f4 O-O 6. Nf3 c5 7. d5 b5 8. cxb5 a6
9. a4 Qa5 10. Bd2 axb5 11. Bxb5 Ba6 12. O-O Ne8 13. Ra3 Nc7 14. Qe2 Qb6 15. e5
Bxb5 16. axb5 Nd7 17. Rfa1 Rab8 18. Ra7 Rb7 19. Rxb7 Qxb7 20. exd6 exd6 21. Qe7
Nxb5 22. Nxb5 Qxb5 23. Bc3 Nb6 24. Qxd6 Nc4 25. Qc7 Bxc3 26. bxc3 Ne3 27. Re1
Nxd5 28. Qe5 Qd3 29. h4 Qf5 30. Qxf5 gxf5 31. c4 Nxf4 32. Re5 Ne6 33. Rxf5 f6
34. Nd2 Ra8 35. Ne4 Ra4 36. Nxf6+ Kg7 37. g4 Rxc4 38. Nh5+ Kg8 39. Kf2 Rc3 40.
Rf6 Nf8 41. Rh6 c4 42. Nf4 Nd7 43. g5 Ne5 44. Nd5 Ng4+ 45. Ke2 Nxh6 46. Nxc3
Nf5 47. h5 Ng3+ 48. Ke3 Nxh5 49. Kd4 Kf7 50. Kxc4 Ke6 51. Kd3 Kf5 52. Ne4 Nf4+
53. Ke3 Ne6 1/2-1/2

[Event "4.Int Ch of Vojvodina"]
[Site "Novi Sad"]
[Date "2013.07.02"]
[Round "7.8"]
[White "Doric, Nenad"]
[Black "Cengija, Vanja"]
[Result "1/2-1/2"]
[WhiteElo "2283"]
[BlackElo "2226"]
[PlyCount "33"]
[EventDate "2013.06.28"]
[SourceDate "2013.06.30"]

1. e4 Nf6 2. e5 Nd5 3. d4 d6 4. Nf3 dxe5 5. Nxe5 c6 6. Be2 g6 7. O-O Bg7 8. c3
O-O 9. Re1 Nd7 10. Nd3 e5 11. dxe5 Nxe5 12. Nxe5 Bxe5 13. Nd2 Nf4 14. Bf1 Bc7
15. Ne4 Bf5 16. Qf3 Nd5 17. Ng3 1/2-1/2

[Event "4.Int Ch of Vojvodina"]
[Site "Novi Sad"]
[Date "2013.07.02"]
[Round "7.11"]
[White "Radlovacki, Jovan"]
[Black "Elez, Nikola"]
[Result "1-0"]
[WhiteElo "2434"]
[BlackElo "2218"]
[PlyCount "55"]
[EventDate "2013.06.28"]
[SourceDate "2013.06.30"]

1. d4 Nf6 2. Nf3 d6 3. Bf4 c6 4. a4 Bg4 5. Nc3 Nbd7 6. e4 e5 7. Be3 Qa5 8. Qd2
Bxf3 9. gxf3 d5 10. Nb1 Qc7 11. Bg2 exd4 12. Bxd4 O-O-O 13. O-O Bd6 14. h3 dxe4
15. fxe4 Nh5 16. Bxa7 Ne5 17. Qe3 Nc4 18. Qe2 Qa5 19. Qxc4 Qe5 20. f4 Nxf4 21.
Rxf4 Qxf4 22. Nc3 Qh2+ 23. Kf1 Be5 24. Ne2 Bxb2 25. Rb1 Bf6 26. e5 Qxe5 27.
Bxc6 Qf5+ 28. Bf3+ 1-0

[Event "4.Int Ch of Vojvodina"]
[Site "Novi Sad"]
[Date "2013.07.02"]
[Round "7.13"]
[White "Paci, Daniele"]
[Black "Bodiroga, Predrag"]
[Result "0-1"]
[WhiteElo "2206"]
[BlackElo "2369"]
[PlyCount "78"]
[EventDate "2013.06.28"]
[SourceDate "2013.06.30"]

1. d4 Nf6 2. Nf3 g6 3. Bf4 Bg7 4. e3 d6 5. Be2 Nh5 6. Bg3 Nxg3 7. hxg3 c5 8. c3
Qb6 9. Qb3 Qxb3 10. axb3 Nc6 11. Na3 Rb8 12. d5 Nd8 13. Bb5+ Kf8 14. Bd3 a6 15.
Nc4 b5 16. Na5 e6 17. e4 Ke7 18. Kd2 Rb6 19. Rae1 h5 20. Kc2 Bd7 21. Nd2 Nb7
22. Nxb7 Rxb7 23. f4 Rf8 24. dxe6 Bxe6 25. f5 c4 26. fxe6 cxd3+ 27. Kxd3 Kxe6
28. Ra1 Rb6 29. b4 Be5 30. Nf1 Rd8 31. Ne3 Bxg3 32. Nd5 Rc6 33. Rhf1 f5 34. Ne3
fxe4+ 35. Kxe4 Be5 36. Rad1 d5+ 37. Kd3 d4 38. Ke4 Rcd6 39. Rc1 dxe3 0-1

[Event "4.Int Ch of Vojvodina"]
[Site "Novi Sad"]
[Date "2013.07.02"]
[Round "7.14"]
[White "Pecelj, Nedeljko"]
[Black "Kiroski, Toni"]
[Result "1-0"]
[WhiteElo "2190"]
[BlackElo "2341"]
[PlyCount "53"]
[EventDate "2013.06.28"]
[SourceDate "2013.06.30"]

1. Nf3 d6 2. d4 c5 3. g3 g6 4. Bg2 Nf6 5. c4 Bg7 6. O-O O-O 7. Nc3 Nc6 8. d5
Na5 9. Qd3 e5 10. dxe6 Bxe6 11. b3 Ne4 12. Nd4 Qf6 13. Nxe6 Qxe6 14. Nxe4 Bxa1
15. Ng5 Qe5 16. Bf4 Qd4 17. Qb1 Bc3 18. Bd5 Kh8 19. Ne6 Qf6 20. Qd3 Bb2 21. Rb1
Nc6 22. Bg5 Qe5 23. Bd2 Nd4 24. Rxb2 Nxe2+ 25. Qxe2 Qxb2 26. Qe1 Kg8 27. Bc3
1-0

[Event "4.Int Ch of Vojvodina"]
[Site "Novi Sad"]
[Date "2013.07.02"]
[Round "7.15"]
[White "Banovic, Ivan"]
[Black "Ostovic, Matija"]
[Result "1-0"]
[WhiteElo "2180"]
[BlackElo "2316"]
[PlyCount "87"]
[EventDate "2013.06.28"]
[SourceDate "2013.06.30"]

1. d4 d5 2. Nf3 Nf6 3. c4 c6 4. Nc3 e6 5. cxd5 exd5 6. Bg5 Be7 7. Qc2 g6 8. e3
Bf5 9. Bd3 Bxd3 10. Qxd3 O-O 11. Qc2 Kg7 12. O-O Nbd7 13. Rab1 a5 14. a3 Ne4
15. Nxe4 dxe4 16. Bxe7 Qxe7 17. Nd2 f5 18. b4 axb4 19. Rxb4 Nf6 20. Rfb1 Rab8
21. Qb2 b5 22. Rc1 Nd5 23. Rb3 f4 24. Qc2 Rbe8 25. Qxc6 Rc8 26. Qxc8 Rxc8 27.
Rxc8 f3 28. Nf1 Qe6 29. Rc5 Nf4 30. Rbxb5 Nxg2 31. Re5 Qh3 32. Rg5 h6 33. Rb7+
Kf6 34. Rg3 Qe6 35. d5 Qd6 36. Rb4 Kf5 37. Rxg2 fxg2 38. Ng3+ Kg4 39. Nxe4 Qd8
40. Kxg2 Kf5 41. Rd4 g5 42. d6 Qd7 43. Kg1 Ke5 44. Nc5 1-0

[Event "4.Int Ch of Vojvodina"]
[Site "Novi Sad"]
[Date "2013.07.02"]
[Round "7.16"]
[White "Popovic, Milan S"]
[Black "Blazeka, Matej"]
[Result "1/2-1/2"]
[WhiteElo "2178"]
[BlackElo "2300"]
[PlyCount "44"]
[EventDate "2013.06.28"]
[SourceDate "2013.06.30"]

1. e4 e5 2. Nc3 Nf6 3. Bc4 Nc6 4. d3 Na5 5. Nge2 c6 6. O-O Nxc4 7. dxc4 d6 8.
Qd3 Be7 9. h3 O-O 10. Be3 Nd7 11. Ng3 Nc5 12. Qe2 Be6 13. b3 Qc8 14. Rad1 Rd8
15. f4 f6 16. Qd2 Bf8 17. f5 Bf7 18. a4 Na6 19. Qf2 Qc7 20. Rd2 Qa5 21. Nge2
Nb4 22. Rfd1 Rd7 1/2-1/2

[Event "4.Int Ch of Vojvodina"]
[Site "Novi Sad"]
[Date "2013.07.02"]
[Round "7.17"]
[White "Trajkovic, Aleksandar"]
[Black "Mastrapovic, Vladimir"]
[Result "1-0"]
[WhiteElo "2169"]
[BlackElo "2298"]
[PlyCount "69"]
[EventDate "2013.06.28"]
[SourceDate "2013.06.30"]

1. c4 Nf6 2. Nc3 c5 3. g3 d6 4. Bg2 e6 5. e3 Be7 6. Nge2 O-O 7. O-O Nbd7 8. d4
Qc7 9. b3 a6 10. Bb2 Rb8 11. a4 b6 12. d5 Re8 13. e4 Nf8 14. Qd3 Bd7 15. Rad1
Ng6 16. f4 exd5 17. Nxd5 Nxd5 18. exd5 Bf8 19. h4 b5 20. axb5 axb5 21. Bc3 bxc4
22. bxc4 Ne7 23. Be4 f5 24. Bf3 Kf7 25. Rf2 Ng8 26. g4 Rb3 27. Qc2 Rxc3 28.
Nxc3 fxg4 29. Be4 Ne7 30. Bxh7 g6 31. h5 Bf5 32. Bxg6+ Bxg6 33. hxg6+ Nxg6 34.
Qf5+ Kg7 35. Qxg4 1-0

[Event "4.Int Ch of Vojvodina"]
[Site "Novi Sad"]
[Date "2013.07.02"]
[Round "7.18"]
[White "Peovic, Milos"]
[Black "Licina, Zoran"]
[Result "1/2-1/2"]
[WhiteElo "2264"]
[BlackElo "2216"]
[PlyCount "109"]
[EventDate "2013.06.28"]
[SourceDate "2013.06.30"]

1. e4 d6 2. d4 Nf6 3. Nd2 g6 4. f4 Bg7 5. Ngf3 O-O 6. Bc4 d5 7. Bd3 dxe4 8.
Nxe4 Nxe4 9. Bxe4 c5 10. dxc5 Qa5+ 11. Bd2 Qxc5 12. c3 Nd7 13. Qe2 Nf6 14. Bc2
Be6 15. Ne5 Qb6 16. b3 Rfd8 17. O-O-O Qa5 18. Kb1 Nd7 19. c4 Qc7 20. Nf3 Nc5
21. Ng5 h6 22. Nf3 Bg4 23. Be3 Ne6 24. h3 Bxf3 25. Qxf3 Nd4 26. Qf2 Nb5 27. Bd2
Nc3+ 28. Bxc3 Bxc3 29. Rxd8+ Rxd8 30. Rd1 Rxd1+ 31. Bxd1 Bf6 32. Qd2 Kg7 33.
Bf3 b6 34. g3 Qc5 35. Bd1 Qg1 36. g4 Qg3 37. Kc2 Qxh3 38. Be2 Qg3 39. a3 Qf2
40. Bd1 Qc5 41. a4 e6 42. Be2 g5 43. b4 Qf2 44. fxg5 hxg5 45. Kb3 Qg3+ 46. Qd3
Qe5 47. Qc2 a5 48. c5 axb4 49. c6 Bd8 50. Kxb4 Be7+ 51. Kb3 Bc5 52. Qc3 Bd4 53.
Qc4 Bc5 54. Qc3 Bd4 55. Qc4 1/2-1/2

[Event "4.Int Ch of Vojvodina"]
[Site "Novi Sad"]
[Date "2013.07.02"]
[Round "7.19"]
[White "Vlahov, Davor"]
[Black "Manojlovic, Sava"]
[Result "1-0"]
[WhiteElo "2240"]
[BlackElo "2118"]
[PlyCount "52"]
[EventDate "2013.06.28"]
[SourceDate "2013.06.30"]

1. Nf3 Nf6 2. d4 g6 3. e3 Bg7 4. Be2 O-O 5. O-O d6 6. c4 c5 7. Nc3 a6 8. a3 Nc6
9. d5 Nb8 10. Qc2 Bg4 11. h3 Bxf3 12. Bxf3 Nbd7 13. e4 Qc7 14. Bf4 Ne8 15. Qd2
Rb8 16. Be2 Qa5 17. a4 Ne5 18. Nd1 Qxd2 19. Bxd2 b6 20. Nc3 Nc7 21. Rab1 a5 22.
f4 Nd7 23. Bg4 Bd4+ 24. Kh2 Nf6 25. Bf3 Nd7 26. g4 Rfe8 1-0

[Event "4.Int Ch of Vojvodina"]
[Site "Novi Sad"]
[Date "2013.07.02"]
[Round "7.20"]
[White "Tomerlin, Sinisa"]
[Black "Jakovljevic, Zoran N"]
[Result "1-0"]
[WhiteElo "2240"]
[BlackElo "2112"]
[PlyCount "63"]
[EventDate "2013.06.28"]
[SourceDate "2013.06.30"]

1. Nf3 Nf6 2. g3 g6 3. Bg2 Bg7 4. O-O O-O 5. d3 d5 6. Nbd2 c5 7. c3 Nc6 8. Re1
e5 9. e4 dxe4 10. dxe4 Qc7 11. Nc4 Rd8 12. Qc2 Be6 13. Bf1 h6 14. a4 Rd7 15.
Ne3 Rad8 16. Bb5 Ng4 17. Nd5 Bxd5 18. exd5 Rxd5 19. Bc4 R5d6 20. h3 Na5 21. Ba2
Qc6 22. Nh4 Nf6 23. Nxg6 Qe8 24. Rxe5 Rd1+ 25. Kh2 Ng4+ 26. hxg4 Bxe5 27. Nxe5
Qxe5 28. Bf4 Qe1 29. Qg6+ Kh8 30. Qf6+ Kh7 31. Qxf7+ Kh8 32. Qf6+ 1-0

[Event "4.Int Ch of Vojvodina"]
[Site "Novi Sad"]
[Date "2013.07.03"]
[Round "8.1"]
[White "Nestorovic, Dejan"]
[Black "Leskur, Dejan"]
[Result "1/2-1/2"]
[WhiteElo "2428"]
[BlackElo "2391"]
[PlyCount "20"]
[EventDate "2013.06.28"]
[SourceDate "2013.06.30"]

1. d4 d5 2. c4 e6 3. Nc3 Be7 4. Nf3 Nf6 5. Bg5 Nbd7 6. e3 O-O 7. Rc1 a6 8. cxd5
exd5 9. Bd3 c6 10. O-O Re8 1/2-1/2

[Event "4.Int Ch of Vojvodina"]
[Site "Novi Sad"]
[Date "2013.07.03"]
[Round "8.3"]
[White "Andrijevic, Milan"]
[Black "Drazic, Sinisa"]
[Result "1-0"]
[WhiteElo "2322"]
[BlackElo "2463"]
[PlyCount "201"]
[EventDate "2013.06.28"]
[SourceDate "2013.06.30"]

1. e4 e6 2. d4 d5 3. exd5 exd5 4. Nf3 Nf6 5. c4 Bb4+ 6. Bd2 Bxd2+ 7. Qxd2 O-O
8. Nc3 Re8+ 9. Be2 dxc4 10. Ne5 Be6 11. O-O Nc6 12. Nxc6 bxc6 13. Rfe1 Rb8 14.
Na4 Ne4 15. Qf4 Nd6 16. Qd2 Bd5 17. Nc5 h6 18. Bf1 Qg5 19. f4 Qf5 20. Re5 Qg6
21. Rae1 f6 22. Rxe8+ Rxe8 23. Na6 Rxe1 24. Qxe1 Qf5 25. g3 Qc8 26. Nc5 Qg4 27.
Bg2 Qf5 28. Bxd5+ Qxd5 29. Qe6+ Kh7 30. Qxd5 cxd5 31. Kf2 Kg6 32. Na6 Kf5 33.
Ke3 Ne8 34. Nc5 h5 35. h3 g5 36. a4 gxf4+ 37. gxf4 c6 38. Nb7 Ke6 39. Nc5+ Kd6
40. f5 Ke7 41. a5 Nd6 42. Kf4 Nb5 43. Ke3 Kd6 44. Nb7+ Kd7 45. Nc5+ Ke7 46. Ne6
Nd6 47. Kf4 Nb7 48. a6 Nd6 49. h4 Ne8 50. Ke3 Kd6 51. Kf4 Nc7 52. Nc5 Ke7 53.
Ke3 Ke8 54. Kf4 Kd8 55. Ke3 Ke7 56. Kf4 Kf7 57. Ke3 Kf8 58. Kf4 Nb5 59. Ke3 Ke7
60. Ne6 Nd6 61. Kf4 Ne4 62. Ke3 Ng3 63. Kf4 Ne2+ 64. Ke3 Nc1 65. Nf4 Nd3 66.
Nxh5 Nxb2 67. Nf4 c3 68. Ne2 Nc4+ 69. Kd3 c2 70. h5 Kf7 71. Kxc2 Ne3+ 72. Kc3
Nxf5 73. Kb4 Ke6 74. Kc5 Kd7 75. Nf4 Nh6 76. Nd3 Nf7 77. Nb4 Nh6 78. Nd3 Nf7
79. Nf4 f5 80. Nd3 Kc7 81. Ne5 f4 82. Ng4 f3 83. Nf2 Nh6 84. Kb4 Kb6 85. Kc3
Kxa6 86. Kd3 Kb5 87. Ke3 a5 88. Nd3 a4 89. Kxf3 a3 90. Nc1 Kc4 91. Ke3 Kc3 92.
Na2+ Kb3 93. Nc1+ Kb2 94. Nd3+ Kc3 95. Nc1 Nf7 96. Na2+ Kb3 97. Nc1+ Kb2 98.
Nd3+ Kc3 99. Nc1 c5 100. dxc5 d4+ 101. Ke2 1-0

[Event "4.Int Ch of Vojvodina"]
[Site "Novi Sad"]
[Date "2013.07.03"]
[Round "8.4"]
[White "Saric, Sinisa"]
[Black "Rogac, Srdjan"]
[Result "1/2-1/2"]
[WhiteElo "2412"]
[BlackElo "2322"]
[PlyCount "63"]
[EventDate "2013.06.28"]
[SourceDate "2013.06.30"]

1. d4 Nf6 2. c4 e6 3. Nc3 Bb4 4. Qc2 O-O 5. e4 d5 6. e5 Ne4 7. Bd3 c5 8. Nf3
cxd4 9. Nxd4 Nd7 10. Bf4 Ndc5 11. O-O Bxc3 12. bxc3 Bd7 13. Be2 Qa5 14. cxd5
Qxc3 15. Qxc3 Nxc3 16. d6 Nxe2+ 17. Nxe2 Rfc8 18. Rfd1 Ba4 19. Rd2 Nd7 20. Rb1
Bc6 21. f3 Bd5 22. Bg3 Rc5 23. Nf4 Bc6 24. Nd3 Rd5 25. Rbb2 a5 26. Kf2 Ra6 27.
Nc1 Rb6 28. Rbc2 Rxd2+ 29. Rxd2 Rb5 30. Nb3 f6 31. f4 g5 32. Nd4 1/2-1/2

[Event "4.Int Ch of Vojvodina"]
[Site "Novi Sad"]
[Date "2013.07.03"]
[Round "8.5"]
[White "Tomerlin, Sinisa"]
[Black "Radlovacki, Jovan"]
[Result "0-1"]
[WhiteElo "2240"]
[BlackElo "2434"]
[PlyCount "116"]
[EventDate "2013.06.28"]
[SourceDate "2013.06.30"]

1. Nf3 c6 2. d3 d6 3. g3 Bg4 4. Bg2 e5 5. h3 Bd7 6. Nbd2 Nf6 7. c3 Qc7 8. a4 d5
9. Qc2 Bd6 10. O-O O-O 11. e4 Na6 12. Re1 Rfe8 13. Nf1 h6 14. Ne3 Be6 15. Nf5
Bxf5 16. exf5 Qd7 17. Nh4 Re7 18. Be3 Nc7 19. Qd2 Kh7 20. g4 d4 21. cxd4 Ncd5
22. dxe5 Bb4 23. Qc1 Rxe5 24. d4 Re7 25. Bd2 Rae8 26. Rxe7 Qxe7 27. Nf3 Ne4 28.
Be1 Bd6 29. Bc3 Nxf2 30. f6 Qe2 31. Qf1 Qxf1+ 32. Rxf1 Ne4 33. fxg7 Ndxc3 34.
bxc3 Nxc3 35. Ne5 Bxe5 36. dxe5 Kxg7 37. a5 a6 38. Re1 Nb5 39. Kf2 Nd4 40. Re3
Re7 41. Kg3 Rc7 42. Kf4 Ne6+ 43. Kf5 Rd7 44. h4 Rd4 45. Be4 Rd1 46. Bd3 Rd2 47.
Bc4 Rf2+ 48. Ke4 Rf4+ 49. Kd3 Nc5+ 50. Kc3 Rxg4 51. e6 fxe6 52. Kb4 Ne4 53. Bd3
Nf2+ 54. Kc5 Nxd3+ 55. Rxd3 Kf6 56. Rb3 Ra4 57. Kb6 c5 58. Rc3 Rb4+ 0-1

[Event "4.Int Ch of Vojvodina"]
[Site "Novi Sad"]
[Date "2013.07.03"]
[Round "8.6"]
[White "Martinovic, Slobodan"]
[Black "Kumic, Filip"]
[Result "1-0"]
[WhiteElo "2417"]
[BlackElo "2237"]
[PlyCount "35"]
[EventDate "2013.06.28"]
[SourceDate "2013.06.30"]

1. Nf3 Nf6 2. d4 d5 3. c4 e6 4. cxd5 exd5 5. Nc3 c6 6. Bg5 Bf5 7. Qb3 Qb6 8.
Bxf6 gxf6 9. e3 Nd7 10. Be2 Rg8 11. g3 Bg4 12. Qc2 Bxf3 13. Bxf3 h6 14. O-O Be7
15. Rfe1 Nf8 16. e4 dxe4 17. Qxe4 Ne6 18. Bh5 1-0

[Event "4.Int Ch of Vojvodina"]
[Site "Novi Sad"]
[Date "2013.07.03"]
[Round "8.7"]
[White "Remecki, Sinisa"]
[Black "Laketic, Gojko"]
[Result "0-1"]
[WhiteElo "2231"]
[BlackElo "2410"]
[PlyCount "43"]
[EventDate "2013.06.28"]
[SourceDate "2013.06.30"]

1. d4 d5 2. Nc3 Nf6 3. Bg5 Nbd7 4. g3 c6 5. Bg2 h6 6. Bxf6 Nxf6 7. Nf3 Bf5 8.
O-O e6 9. Nd2 Qb6 10. Nb3 Be7 11. e4 dxe4 12. Qe2 a5 13. a4 O-O 14. Nxe4 Bxe4
15. Bxe4 Nxe4 16. Qxe4 Rfd8 17. Rfd1 Rd7 18. Qe2 Rad8 19. Qd2 Rd5 20. c4 R5d7
21. Qc3 e5 22. c5 0-1

[Event "4.Int Ch of Vojvodina"]
[Site "Novi Sad"]
[Date "2013.07.03"]
[Round "8.8"]
[White "Kovacevic, Sinisa"]
[Black "Bodiroga, Predrag"]
[Result "0-1"]
[WhiteElo "2229"]
[BlackElo "2369"]
[PlyCount "112"]
[EventDate "2013.06.28"]
[SourceDate "2013.06.30"]

1. d4 Nf6 2. Nf3 e6 3. c4 c5 4. Nc3 cxd4 5. Nxd4 Bb4 6. Qc2 Nc6 7. Nf3 O-O 8.
e3 d5 9. a3 Bd6 10. b4 a5 11. b5 Ne5 12. Nxe5 Bxe5 13. Bb2 Bd7 14. c5 a4 15.
Bd3 Qa5 16. O-O Kh8 17. Ne2 Bb8 18. b6 Rc8 19. Rfc1 Bb5 20. Bxb5 Qxb5 21. Bxf6
gxf6 22. Nd4 Qa6 23. Qb2 Be5 24. f4 Bxd4 25. Qxd4 Kg7 26. e4 Rc6 27. Rc3 Qb5
28. Rac1 dxe4 29. Qxe4 Rd8 30. h3 Rd5 31. Rg3+ Kh8 32. Qf3 h5 33. f5 Rxf5 34.
Qe3 Kh7 35. Kh2 Rcxc5 36. Rxc5 Qxc5 37. Qe4 Qxb6 38. Qxa4 Qc7 39. Qe4 Kh6 40.
h4 Rf4 41. Qe3 Qe5 42. Qxe5 Rxh4+ 43. Kg1 fxe5 44. Rb3 Ra4 45. Rxb7 Kg6 46. Rb3
f5 47. Kf2 f4 48. Ke2 Kf5 49. Kf2 e4 50. Ke2 h4 51. Kf2 Rc4 52. Rb2 Kg4 53. Ra2
Ra4 54. Ra1 e3+ 55. Kf1 Kg3 56. Ra2 e5 0-1

[Event "4.Int Ch of Vojvodina"]
[Site "Novi Sad"]
[Date "2013.07.03"]
[Round "8.9"]
[White "Cengija, Vanja"]
[Black "Kokeza, Mirko"]
[Result "0-1"]
[WhiteElo "2226"]
[BlackElo "2315"]
[PlyCount "84"]
[EventDate "2013.06.28"]
[SourceDate "2013.06.30"]

1. d4 c5 2. d5 b5 3. a4 b4 4. c4 g6 5. Nf3 d6 6. e4 Bg7 7. h3 Nd7 8. Be2 Ngf6
9. Nbd2 O-O 10. O-O Ne8 11. Ra2 e5 12. dxe6 fxe6 13. Re1 Bb7 14. Bd3 Nc7 15.
Nf1 Ne5 16. N1h2 Nc6 17. Bf1 e5 18. b3 Ne6 19. g3 a5 20. Bg2 Ncd4 21. Qd3 Bc6
22. Be3 Ra7 23. Nd2 g5 24. Ndf1 Qa8 25. Bc1 Raf7 26. Ne3 h6 27. Nd5 Kh8 28. Rd2
Rg8 29. Ng4 Qf8 30. Bb2 h5 31. Nge3 Bh6 32. Bxd4 Nxd4 33. Nf5 g4 34. Rb2 h4 35.
Nxd4 cxd4 36. gxh4 gxh3 37. f3 Bxd5 38. exd5 Be3+ 39. Rxe3 dxe3 40. Qxe3 Rf4
41. Qe1 e4 42. fxe4 Rgg4 0-1

[Event "4.Int Ch of Vojvodina"]
[Site "Novi Sad"]
[Date "2013.07.03"]
[Round "8.11"]
[White "Dimic, Pavle"]
[Black "Petkovic, Radosav"]
[Result "1-0"]
[WhiteElo "2218"]
[BlackElo "2273"]
[PlyCount "105"]
[EventDate "2013.06.28"]
[SourceDate "2013.06.30"]

1. d4 Nf6 2. Nf3 g6 3. c4 Bg7 4. g3 d6 5. Bg2 O-O 6. O-O Nc6 7. Nc3 a6 8. Qd3
Nd7 9. Be3 e5 10. Qd2 Nb6 11. b3 Bg4 12. dxe5 dxe5 13. Rad1 Qe7 14. Nd5 Nxd5
15. cxd5 Na7 16. Rc1 Rfd8 17. Bc5 Qd7 18. Bxa7 Rxa7 19. Qe3 b6 20. Nxe5 Bxe5
21. Qxe5 Re8 22. Qf4 Bxe2 23. Rfe1 a5 24. Qd2 Ba6 25. Rxe8+ Qxe8 26. Re1 Qd8
27. Qh6 Bb7 28. Re4 Qf8 29. Qe3 Ra8 30. Re7 Rd8 31. Rxc7 Bxd5 32. Bxd5 Rxd5 33.
Qxb6 Rd1+ 34. Kg2 Qe8 35. Qc6 Qe2 36. Qc4 Qxc4 37. Rxc4 Rd5 38. Kf3 h5 39. h4
Kf8 40. Ke3 Ke7 41. Re4+ Kf6 42. a3 Rd1 43. Rd4 Rb1 44. Rd3 Rb2 45. f4 Kf5 46.
Kd4 f6 47. Re3 Kg4 48. Kc4 Ra2 49. b4 axb4 50. axb4 g5 51. fxg5 fxg5 52. hxg5
Kxg5 53. b5 1-0

[Event "4.Int Ch of Vojvodina"]
[Site "Novi Sad"]
[Date "2013.07.03"]
[Round "8.12"]
[White "Ratkovic, Miloje"]
[Black "Pecelj, Nedeljko"]
[Result "1-0"]
[WhiteElo "2258"]
[BlackElo "2190"]
[PlyCount "67"]
[EventDate "2013.06.28"]
[SourceDate "2013.06.30"]

1. d4 d5 2. c4 e6 3. Nc3 c5 4. cxd5 exd5 5. Nf3 Nc6 6. dxc5 d4 7. Na4 Bxc5 8.
Nxc5 Qa5+ 9. Bd2 Qxc5 10. Rc1 Qb6 11. e3 dxe3 12. Bxe3 Qxb2 13. Bc4 Nge7 14.
O-O O-O 15. Nd4 Nf5 16. Rc2 Qa3 17. Nxc6 Nxe3 18. fxe3 bxc6 19. Rxf7 Qxe3+ 20.
Kh1 Be6 21. Rxf8+ Rxf8 22. Re2 Bxc4 23. Rxe3 Rf1+ 24. Qxf1 Bxf1 25. Re8+ Kf7
26. Rc8 a6 27. Rxc6 Bb5 28. Rb6 h5 29. h4 g6 30. Kh2 Kg7 31. Kg3 Kf7 32. Kf4
Bc4 33. a4 a5 34. Rb7+ 1-0